Online
Catalog

Notas de viaje sobre Venezuela y Colombia / (Record no. 7092)

MARC details
000 -CABECERA
campo de control de longitud fija 01047cam a2200289 a 4500
001 - NÚMERO DE CONTROL
campo de control 000007311
003 - IDENTIFICADOR DEL NÚMERO DE CONTROL
campo de control DO-SdBNP
005 - FECHA Y HORA DE LA ÚLTIMA TRANSACCIÓN
campo de control 20251028141958.0
008 - DATOS DE LONGITUD FIJA--INFORMACIÓN GENERAL
campo de control de longitud fija 940118s1992 ck 000 0 spa c
020 ## - NÚMERO INTERNACIONAL ESTÁNDAR DEL LIBRO
Número Internacional Estándar del Libro 9586120902
035 ## - NÚMERO DE CONTROL DEL SISTEMA
Número de control de sistema (DLC) 94107014
040 ## - FUENTE DE LA CATALOGACIÓN
Centro catalogador/agencia de origen DO-SdBNP
Lengua de catalogación spa
Centro/agencia transcriptor BNPHU
Centro/agencia modificador DLC
049 ## - FONDOS LOCALES (OCLC)
Fondos de biblioteca BNGR
050 14 - SIGNATURA TOPOGRÁFICA DE LA BIBLIOTECA DEL CONGRESO
Número de clasificación F2313
Número de documento/Ítem .C36 1992
082 ## - NÚMERO DE LA CLASIFICACIÓN DECIMAL DEWEY
Número de clasificación NN
Número de documento/Ítem C221n
100 1# - ENTRADA PRINCIPAL--NOMBRE DE PERSONA
Nombre de persona Cané, Miguel,
Fechas asociadas al nombre 1851-1905.
9 (RLIN) 20319
245 10 - MENCIÓN DE TÍTULO
Título Notas de viaje sobre Venezuela y Colombia /
Mención de responsabilidad, etc. Miguel Cané ; prólogo Santiago Mutis D.
260 ## - PUBLICACIÓN, DISTRIBUCIÓN, ETC.
Lugar de publicación, distribución, etc. Bogotá :
Nombre del editor, distribuidor, etc. Comisión Quinto Centenario-Colombia ;
-- Instituto Colombiano de Cultura,
Fecha de publicación, distribución, etc. c1992.
300 ## - DESCRIPCIÓN FÍSICA
Extensión 277 p. ;
Dimensiones 24 cm.
490 1# - MENCIÓN DE SERIE
Mención de serie Biblioteca V Centenario Colcultura.
-- Viajeros por Colombia
651 #0 - PUNTO DE ACCESO ADICIONAL DE MATERIA--NOMBRE GEOGRÁFICO
Nombre geográfico Venezuela
Subdivisión general Description and travel.
9 (RLIN) 26230
651 #4 - PUNTO DE ACCESO ADICIONAL DE MATERIA--NOMBRE GEOGRÁFICO
Nombre geográfico Colombia
Subdivisión general Description and travel.
9 (RLIN) 20321
700 1# - PUNTO DE ACCESO ADICIONAL--NOMBRE DE PERSONA
Nombre de persona Mutis D., Santiago,
Término indicativo de función/relación pról.
9 (RLIN) 20322
830 #0 - PUNTO DE ACCESO ADICIONAL DE SERIE-TÍTULO UNIFORME
Título uniforme Biblioteca V Centenario Colcultura,
Nombre de parte o sección de la obra Viajeros por Colombia
9 (RLIN) 20309
910 ## - DATOS DE OPCIÓN DEL USUARIO (OCLC)
Datos de opción del usuario Catalogación por copia / LC
942 ## - ELEMENTOS DE PUNTO DE ACCESO ADICIONAL (KOHA)
Fuente del sistema de clasificación o colocación Dewey Decimal Classification
Tipo de ítem Koha Libro
Holdings
Estado de retiro Estado de pérdida Restricciones de uso No para préstamo Código de colección Localización permanente Ubicación/localización actual Ubicación en estantería Fecha de adquisición Número de inventario Total de préstamos Signatura topográfica completa Código de barras Fecha visto por última vez Precio válido a partir de Tipo de ítem Koha
    Préstamo interno   Monografías: Libros y Folletos General General En catalogación 07.09.2009 LF1   NN C221n 7311-10 25.06.2020 25.06.2020 Préstamo interno

Powered by Koha